Southville International School and Colleges
Your cart is empty.
  • Cart
  • Lists
    Public lists Eva Luna New books Lux_list list_1
    Your lists Log in to create your own lists
  • Log in to your account
  • Your cookies
  • Search history
Southville International School and Colleges
  • Advanced search
  • Recent comments
  • Most popular
  • Libraries

Log in to your account

Log in with GOOGLE


If you do not have an external account, but do have a local account, you can still log in:

  1. Home
  2. MARC view: The Results Fieldbook :
Normal view MARC view ISBD view

The Results Fieldbook : (Record no. 305443)

[ view plain ]
MARC details
000 -LEADER
fixed length control field 00802nam a2200265Ia 4500
008 - FIXED-LENGTH DATA ELEMENTS--GENERAL INFORMATION
fixed length control field 170203s9999 xx 000 0 und d
020 ## - INTERNATIONAL STANDARD BOOK NUMBER
International Standard Book Number 9780871205216
050 ## - LIBRARY OF CONGRESS CALL NUMBER
Classification number 371.2
050 ## - LIBRARY OF CONGRESS CALL NUMBER
Item number .S369r 2001
100 ## - MAIN ENTRY--PERSONAL NAME
Personal name Schmoker, Mike.
245 #4 - TITLE STATEMENT
Title The Results Fieldbook :
245 ## - TITLE STATEMENT
Remainder of title practical strategies from dramatically improved schools /
245 ## - TITLE STATEMENT
Statement of responsibility, etc Mike Schmoker.
260 ## - PUBLICATION, DISTRIBUTION, ETC. (IMPRINT)
Place of publication, distribution, etc Virginia USA :
260 ## - PUBLICATION, DISTRIBUTION, ETC. (IMPRINT)
Name of publisher, distributor, etc ASCD Publication.
260 ## - PUBLICATION, DISTRIBUTION, ETC. (IMPRINT)
Date of publication, distribution, etc 2001
300 ## - PHYSICAL DESCRIPTION
Extent 150 pages :
300 ## - PHYSICAL DESCRIPTION
Other physical details illustrations ;
300 ## - PHYSICAL DESCRIPTION
Dimensions 28 cm.
500 ## - GENERAL NOTE
General note Includes bibliographical references (p. 143-145) and index.
650 ## - SUBJECT ADDED ENTRY--TOPICAL TERM
Topical term or geographic name as entry element School improvement programs--United States--
650 ## - SUBJECT ADDED ENTRY--TOPICAL TERM
Topical term or geographic name as entry element School management and organization--United States--
650 ## - SUBJECT ADDED ENTRY--TOPICAL TERM
General subdivision Case studies.
650 ## - SUBJECT ADDED ENTRY--TOPICAL TERM
General subdivision Case studies.

No items available.

The Results Fieldbook :

APA

Schmoker M., .The Results Fieldbook. Virginia USA: .

Chicago

Schmoker Mike, .The Results Fieldbook. Virginia USA: .

Harvard

Schmoker M., .The Results Fieldbook. Virginia USA: .

MLA

Schmoker Mike, .Virginia USA: . .

  • Print
  • Cite
  • Add to your cart (remove)
  • Save record
    BIBTEX Dublin Core MARCXML MARC (non-Unicode/MARC-8) MARC (Unicode/UTF-8) MARC (Unicode/UTF-8, Standard) MODS (XML) RIS
  • More searches
    Search for this title in:
    Other Libraries (WorldCat) Other Databases (Google Scholar) Online Stores (Bookfinder.com) Open Library (openlibrary.org)

Exporting to Dublin Core...

SOUTHVILLE LIBRARY

Southville International School and Colleges Library

1281 Tropical Ave. Cor. Luxembourg St., BF Homes International, Las Pinas City

Tel. No. 8256374 / 252358 Loc. 117/146

Powered by Koha